O espaço (Record no. 118804)

MARC details
000 -LÍDER
campo de controle de tamanho fixo 01036 a2200253 4500
001 - NÚMERO DE CONTROLE
campo de controle 118804
020 ## - ISBN - INTERNATIONAL STANDARD BOOK NUMBER
ISBN - International Standard Book Number 9788516036478
041 ## - CÓDIGO DE IDIOMA
Código do idioma do texto/trilha sonora ou título diferente por
082 ## - CDD - CLASSIFICAÇÃO DECIMAL DE DEWEY
Número de Classificação 028.5
040 ## - FONTE DA CATALOGAÇÃO
Instituição da catalogação original BR-BrIDEA
Instituição que transcreveu o registro BR-BrIDEA
090 ## - NÚMERO DE CHAMADA LOCAL
Número de chamada (OCLC) (R); Número de chamada, CALL (RLIN) (NR) A SK 028
Número Cutter local (OCLC); Número de classificação do livro, CALL (RLIN) CUR
100 ## - ENTRADA PRINCIPAL--NOME PESSOAL
Nome pessoal Curiosa, Criança
245 10 - TÍTULO
Título O espaço
Indicação de responsabilidade, etc. Criança Curiosa; ilustrações de Olivier Latyk, Philippe Mignon; tradução de Luciano Vieira Machado
260 ## - PUBLICAÇÃO, DISTRIBUIÇÃO, ETC.
Local de publicação, distribuição, etc. São Paulo
Nome do editor, distribuidor, etc. Moderna
Data da publicação, distribuição, etc. 2003
300 ## - DESCRIÇÃO FÍSICA
Extensão 32 p.
Outros detalhes físicos il. color
490 ## - TÍTULO DA SÉRIE
Título da série Criança Curiosa
520 ## - NOTA DE RESUMO, ETC
Resumo, etc. Perguntas frequentes como - Qual a diferença entre uma estrela e um planeta? Para que serve um telescópio? Pode-se viver no espaço? - entre outras são respondidas neste livrinho, que contém belas ilustrações e ainda traz uma surpresa diferente a cada página.
521 ## - NOTA DO PÚBLICO ALVO
Nota de público alvo SK
697 ## - ENTRADA DE ASSUNTO LOCAL--ENTIDADE COLETIVA (RLIN)
Nome corporativo ou nome da jurisdição Espaço
697 ## - ENTRADA DE ASSUNTO LOCAL--ENTIDADE COLETIVA (RLIN)
Nome corporativo ou nome da jurisdição Literatura infantojuvenil
700 ## - ENTRADA ADICIONADA - NOME PESSOAL
Nome pessoal Kolaczek, Marie
-- Latyk, Olivier
Função do autor por extenso Ilustrador
Nome pessoal Mignon, Philippe
Função do autor por extenso Ilustrador
Nome pessoal Machado, Luciano Vieira
Função do autor por extenso Tradutor
856 ## - LOCALIZAÇÃO ELETRÔNICA E ACESSO
Uniform Resource Identifier <a href="000032/0000327b.jpg">000032/0000327b.jpg</a>
942 ## - ELEMENTOS DE ENTRADA ADICIONADOS (KOHA)
Tipo de material Koha Livros
Holdings
Situação do descarte Situação das perdas Fonte da classificação ou esquema de arquivamento na estante Situação física Não pode ser emprestado Biblioteca de origem Biblioteca atual Data de aquisição Total de empréstimos Número de chamada completo Código de barras Data de último acesso Data do último empréstimo Data do preço efetivo Tipo de material Koha
    Classificação Decimal de Dewey     ECB - ÁGUAS CLARAS ECB - ÁGUAS CLARAS 20/10/2022 2 A SK 028 CUR 00059300AGC 07/10/2024 19/07/2024 23/01/2024 Livros